000 00633cam a2200229 4500
008 090401t1993 xxu||||| |||| 00| 0 eng d
020 _a0851255574
035 _a(Sirsi) u33031
041 _aeng
050 _a690
110 _aBuilding Research Establishment
245 _aWood preservatives: application methods.
260 _aGarston, Watford
_bBuilding Research Establishment
_c1993
300 _a8p. : ill. ; 30cm.
350 _a0
490 _aBRE Digest
_v378
650 _aTIMBER TREATMENT
650 _aWOOD PRESERVATION
690 _aBUILT ENVIRONMENT-BUILDING MATERIALS
942 _n0
948 _c04/03/1997
999 _c89773
_d89773